Statistics for Countries with the Most Olympics Medals in Swimming

Click here to take the quiz!

General Stats

  • This quiz has been taken 217 times
    (156 since last reset)
  • The average score is 12 of 16

Answer Stats

GSBMedalsCountry% Correct
246172135553United States
99%
606464188Australia
95%
13191143China
92%
16283074Great Britain
90%
8152043France
90%
17293995West Germany / Germany
89%
22263280Japan
87%
59923Russia
86%
551222Italy
86%
8152649Canada
81%
9151438Sweden
67%
28252073Hungary
66%
22181959Netherlands
65%
18242769Soviet Union / Unified Team
57%
66618South Africa
56%
38322292East Germany
42%

Score Distribution

Percentile by Number Answered

Percent of People with Each Score

Your Score History

You have not taken this quiz since the last reset